000 00941nam a22002891i 4500
001 16180
003 ES-MaACL
005 20250802063059.0
007 t|
008 000706s1998 sp ||||0| spa j
016 7 _zIBH8100909649
_zBNE19920648851
_zIBH8505902147
020 _a84-323-0290-2
040 _aIBH
_bspa
_cM-BN-DP
_dM-BN-DP
080 _a392.4/.6(091)
100 1 _aFoucault, Michel,
_d1926-1984
_9241486
245 1 0 _aHistoria de la sexualidad /
_cpor Michel Foucault.
250 _a26ª ed. en español, 9ª ed. en España.
260 _aMadrid :
_bSiglo XXI de España,
_c1998.
300 _a3 v ;
_c18 cm.
490 1 _aTeoría
505 8 _a1. La voluntad del saber 2. El uso de los placeres 3. La inquietud de sí
650 1 4 _aCostumbres sexuales-
_vHistoria.
_911400
830 0 _aTeoría
_9177535
852 _aES-MaACL
_jL-23366-68
_bR.128397
999 _c16180
_d16180